1208 1792 1973 1851 1302 1405 1515 1161 1910 1547 1078 1495 1345 1231 1066 1809 1110 1953 1568 1291 1030 1789 1687 1873 1429 1390 1360 1251 1377 1767 1632 1718 1175 1824 1473 1614 1811 1049 1353 1094 1342 1289 1370 1407 1023 1190 1749 1396 1578 1668 1335 1555 1686 1644 1527 1821 1222 1571 1651 1339 1152 1329 1438 1827 1945 1067 1777 1425 1226 1501 1807 1622 1432 1622 1170 1757 1492 1224 1811 1947 1545 1035 1636 1785 1530 1616 1609 1367 1430 1124 1951 1924 1968 1373 1199 1534 1333 1066 1030 BCNSPRNW ULIB Ver.6.0+V

เปลี่ยนเป็นภาษาไทย

Change to English
 แสดงรายละเอียดบรรณานุกรม
  กลับหน้าหลัก

Brief Record : Get Marc (ISO 2709) : E-mail record : QR code < ปิดหน้าต่าง
LEADER : 00000nam 2200000uu 4500
001    13399114010
003     ULIB
008    120125s2542||||th 000 0 tha d
020    ^a9742935009
060 04 ^aWA546^bม738ค 2542
110 2  ^aสำนักงานคณะกรรมการการสาธารณสุขมูลฐาน
245 10 ^aคู่มือเจ้าหน้าที่ในการดำเนินงานเกี่ยวกับอาสาสมัครสาธารณสุข /^cสำนักงานคณะกรรมการการสาธารณสุขมูลฐาน
250    ^aพิมพ์ครั้งที่ 1
260    ^aกรุงเทพฯ :^bสำนักงาน,^c2542
300    ^a60 หน้า ;^c29 ซม.
650  4 ^aสาธารณสุขมูลฐาน^xคู่มือ
650  4 ^aอาสาสมัครสาธารณสุข^xคู่มือ
700 0  ^aชื่นสุข ฤกษ์งาม
710 2  ^aสำนักงานปลัดกระทรวงสาธารณสุข
945    ^p0^l0^i9388
995    ^aกัณชพร
999 ^a ใช้งานได้ทุกระบบ
รายการนี้ยังไม่มีแท็ก
คุณยังไม่ได้ล็อกอิน คุณสามารถมีกิจกรรมร่วมกับเว็บไซต์ได้ แต่ต้องล็อกอินก่อน ::
  ล็อกอิน

รายการสื่อสารสนเทศ

ลำดับที่ ประเภท เลขเรียก/บาร์โค้ด สถานที่ สถานะ
- ไม่พบข้อมูล -

BibComment


ยังไม่เคยถูกคอมเมนท์

คอมเมนท์ทรัพยากรรายการนี้
  คอมเมนท์: คู่มือเจ้าหน้าที..


 Copyright 2026. Bcnsprnw @Library